Statistiques concernant Quiz sur le livre Harry Potter et les Reliques de la Mort

Cliquez ici pour prendre le quiz!

Statistiques générales

  • Ce quiz a été pris 47 fois
  • Le résultat moyen est 19 sur 48

Statistiques - réponses

InformationRéponse% Correct
PersonnageHarry Potter
100%
AuteureJK Rowling
100%
PersonnageHermione Granger
97%
PersonnageRon Weasley
97%
PersonnageVoldemort
87%
Année de parution2007
79%
PersonnageSeverus Rogue
79%
PersonnageAlbus Dumbledore
74%
Chapitre 8Le mariage
54%
Traducteur (Français)Jean-François Ménard
51%
Chapitre 26Gringotts
49%
Titre originalHarry Potter and the Deathly Hallows
49%
Chapitre 16Godric's Hollow
46%
Chapitre 31La bataille de Poudlard
41%
Chapitre 23Le manoir des Malefoy
41%
Chapitre 4Les sept Potter
38%
Chapitre 21Le Conte des trois frères
36%
Chapitre 25La Chaumière aux Coquillages
33%
Chapitre 22Les Reliques de la Mort
33%
Chapitre 20Xenophilius Lovegood
33%
Chapitre 32La Baguette de Sureau
31%
Chapitre 3Le départ des Dursley
31%
Chapitre 33Le récit du Prince
31%
Chapitre 34Retour dans la forêt
31%
Chapitre 37Dix-neuf ans plus tard
28%
Chapitre 35King's Cross
28%
Chapitre 1L'ascension du Seigneur des Ténèbres
28%
Chapitre 36Le défaut du plan
28%
Chapitre 29Le diadème perdu
28%
Chapitre 30Le renvoi de Severus Rogue
28%
Chapitre 7Le testament d'Albus Dumbledore
28%
Chapitre 18Vie et mensonges d'Albus Dumbledore
28%
Chapitre 2In memoriam
26%
Chapitre 19La biche argentée
26%
Chapitre 6La goule en pyjama
26%
Chapitre 5Le guerrier tombé au combat
26%
Chapitre 28Le miroir manquant
26%
Chapitre 10Le récit de Kreattur
26%
Chapitre 17Le secret de Bathilda
26%
Chapitre 11Corruption
23%
Chapitre 12La magie est puissance
23%
Chapitre 14Le voleur
23%
Chapitre 13La Commission d'enregistrement des nés-moldus
21%
Chapitre 27La dernière cachette
21%
Chapitre 24Le fabricant de baguettes
21%
Chapitre 15La revanche du gobelin
18%
Chapitre 9Un endroit où se cacher
18%
Nombre d'exemplaire vendus dans le monde entier55 millions
15%

Distribution des résultats

Percentile par nombre de réponses

% des personnes avec chaque résultat

Votre développement - résultats

Vous n’avez pas pris ce quiz